00529nam a22001577a 4500020001800000040000900018082002800027100004400055245006800099250001200167260002800179300000900207942003500216999001900251952010100270 a9781451116595 cNUST 2SEVENTHa616.9041 bKON aGary W. Procop,deirdre l. church990769 akoneman's Color atlas and text book of Diagnostic Microbiology aseventh aUSAbs4 carlisle c2017 a1606 2ddccBKeSEVENTHk616.9041 KON c589005d589005 00102ddc4070aIESEbIESEd2022-03-31l0o616.9041 KONpIESE-3995r2022-03-31w2022-03-31yBK